| 000 | 01059 a2200241 4500 | ||
|---|---|---|---|
| 005 | 20081106143759.0 | ||
| 008 | 081106t xxu||||| |||| 00| 0 eng d | ||
| 010 | _aUR-7423 | ||
| 020 |
_a8171601401 _c100.00 |
||
| 035 | _aU-5978 | ||
| 037 | _bD.B.Act / Pub | ||
| 082 | _a840.92 | ||
| 245 |
_aاردو کے منتخب خاکے _bمر تبہ يو سف نا ظم _cمر تبہ يو سف ناظم |
||
| 246 |
_aUrdu ke Muntakhib Khake _bedited by Yusuf Nazim |
||
| 260 |
_aنئ دھلی _bانجمن تر قی اردو ہند _c2007 |
||
| 270 |
_aUrdu Ghar,212,Rous Avenue, _bنئ دھلی _e110002 _k23236299 _l23239547 _murduadabndli@bol.net.in,anjuman.urdughar@gmail.com |
||
| 300 |
_a192p _c22cm (Pbk) |
||
| 650 | _aLiterature | ||
| 650 | _aاردو لٹر يچر | ||
| 700 | _aمرتبہ يو سف نا ظم | ||
| 942 |
_adpl _cUR _k/د _2ddc _h840.92 _mا ر د |
||
| 999 |
_c7147 _d7147 |
||